Analýza daňového zaťaženia podnikateľských subjektov v kontexte zmien v možnostiach uplaňovania daňových výdavkov diplomová práca

Na minha lista:
Detalhes bibliográficos
Autor principal: Budjačová Matuščinová, Martina
Autor Corporativo: Fakulta hospodárskej informatiky EU. Katedra účtovníctva a audítorstva
Outros Autores: Vašeková, Miroslava, 1978-
Formato: Livro
Idioma:eslovaco
Publicado em: Bratislava 2017
Tags: Adicionar Tag
Sem tags, seja o primeiro a adicionar uma tag!

MARC

LEADER 00000nbm a2200000 4500
001 0232996
005 20180410100615.7
041 0 |a slo 
044 |a SK 
245 1 0 |a Analýza daňového zaťaženia podnikateľských subjektov v kontexte zmien v možnostiach uplaňovania daňových výdavkov  |b diplomová práca  |c Martina Budjačová ; školiteľ: Miroslava Vašeková 
264 1 |a Bratislava  |c 2017 
300 |a 65 s. 
100 1 |a Budjačová Matuščinová, Martina 
700 1 |a Vašeková, Miroslava, 1978- 
710 2 |a Fakulta hospodárskej informatiky EU. Katedra účtovníctva a audítorstva